000 00678cam a2200241 a 4500
999 _c8763
_d8763
001 8763
003 BD-JhCC
005 20180718202553.0
008 890214s1943 enk 000 0 eng d
035 _a(BD-JhCC)8763
035 _a2234698
040 _aANL
_cANL
_dBD-JhCC
041 _aeng
082 0 4 _a820.9
_bEVAN 1943
100 1 _aEvans, Ifor
245 1 2 _aA short history of English literature /
_cIfor Evans.
260 _a[West Drayton, Middlesex] :
_bPenguin Books for The Forces Book Club,
_c[1943].
300 _a172 p. ;
_c19 cm.
490 0 _aPelican Books
650 0 _aEnglish literature
_xHistory and criticism.
942 _2ddc
_cBK